FIFA World Ranking (Women's football) - Statistics

General Stats
  • This quiz has been taken 719 times
  • The average score is 27 of 40
Answer Stats
Place Points Answer % Correct
1 2181 United States
98%
6 1999 England
96%
13 1915 Spain
96%
2 2090 Germany
95%
3 2036 France
93%
5 2007 Sweden
93%
7 1963 Australia
88%
8 1958 Brazil
87%
11 1937 Japan
87%
9 1958 Canada
86%
4 2032 Netherlands
86%
12 1930 Norway
86%
15 1867 China
83%
31 1666 Ireland
80%
14 1889 Italy
79%
32 1659 Portugal
79%
16 1851 Denmark
73%
23 1757 New Zealand
73%
17 1819 Belgium
69%
33 1659 Argentina
68%
20 1815 Switzerland
68%
27 1686 Mexico
67%
24 1708 Russia
67%
21 1804 Scotland
67%
22 1792 Austria
65%
30 1671 Finland
65%
18 1818 South Korea
61%
28 1683 Poland
58%
25 1700 Colombia
57%
34 1658 Wales
56%
38 1614 Nigeria
53%
19 1817 Iceland
51%
37 1640 Chile
50%
26 1692 Ukraine
44%
10 1940 North Korea
37%
29 1678 Czech Republic
31%
39 1596 Thailand
29%
35 1657 Vietnam
26%
36 1644 Costa Rica
20%
40 1589 Taiwan
15%
No matching quizzes found
Score Distribution
Percent of People with Each Score
Percentile by Number Answered
Your Score History
You have not taken this quiz